Subdivision capitals closest to Niš (RS) - Statistics

General Stats
  • This quiz has been taken 14 times
  • The average score is 11 of 20
Answer Stats
Distance (km) Answer % Correct
2 36 Leskovac
86%
10 96 Kosovska Mitrovica/Mitrovica
71%
15 110 Kragujevac
71%
12 107 Kraljevo
71%
9 94 Priština/Prishtina
71%
6 85 Vranje
71%
7 85 Bor
57%
8 89 Jagodina
57%
3 54 Kruševac
57%
4 59 Pirot
57%
1 27 Prokuplje
57%
5 72 Zaječar
57%
11 102 Gnjilane/Gjilan
43%
18 132 Kjustendil
43%
19 133 Kumanovo
43%
13 108 Montana
43%
17 122 Pernik
43%
14 108 Vidin
43%
16 122 Uroševac/Ferizaj
29%
20 135 Vraca
29%
No matching quizzes found
Score Distribution
Percent of People with Each Score
Percentile by Number Answered
Your Score History
You have not taken this quiz